La réponse termine par R - Statistiques

Statistiques générales
  • Ce quiz a été pris 448 fois
  • Le résultat moyen est 16 sur 20
Statistiques - réponses
Indices Réponses % Correct
Rongeur semi aquatique célèbre pour construire des barrages le long des cours d'eau Castor
95%
Il réfléchit votre image Miroir
94%
Dispositif mécanique permettant de monter ou descendre à l'aide de marches mobiles Escalator
93%
Salutation la plus communément employée lorsque l'on rencontre une personne inconnue Bonjour
92%
Met de luxe appelé or noir Caviar
91%
Pays d'Amérique du Sud ou parallèle de latitude zéro qui coupe la Terre en deux hémisphères Équateur
91%
Combattant chevauchant un équidé durant le Moyen Âge Chevalier
86%
Ville britannique dont deux équipes de football de Premier League porte son nom Manchester
86%
Nicolas II en est le dernier de Russie tandis que Siméon II en est le dernier de Bulgarie Tsar
86%
Créateur de contenu sur les réseaux sociaux qui aime promouvoir des produits, lieux Influenceur
83%
Association d'aide alimentaire créée en France par Coluche en 1985 Les Restos du Coeur
82%
Dieu du Tonnerre dans la mythologie nordique Thor
82%
Personne qui accompagne le conducteur d'un véhicule Passager
80%
Type de voix masculine dont la tessiture est la plus aiguë Ténor
80%
Capitale du Sénégal Dakar
78%
Artiste souvent représenté comme marchant sur des clous Fakir
69%
Premier acteur a avoir interprété Astérix au cinéma Christian Clavier
60%
Habitation hantée présente dans le parc de Disneyland Paris Manoir
59%
Film de Alain Chabat dans lequel ce dernier incarne un chien devenu humain et footballeur Didier
53%
Personnification du vent de l'ouest ou du nord-ouest dans la mythologie grecque Zephyr
26%
Aucun quiz correspondant
Distribution des résultats
% des personnes avec chaque résultat
Percentile par nombre de réponses
Votre historique - résultats
Vous n’avez pas pris ce quiz